[Event "Levice Toth Memorial"]
[Site "Levice"]
[Date "2019.08.02"]
[Round "3"]
[White "Jdaieh, Adel"]
[Black "Benci, Jozef1111"]
[Result "1-0"]
[WhiteElo "1461"]
[BlackElo "1108"]
[PlyCount "117"]
[EventDate "2019.08.01"]
[EventType "swiss"]
[EventRounds "7"]
[EventCountry "SVK"]
[SourceTitle "EXT 2020"]
[Source "ChessBase"]
[SourceDate "2019.10.17"]
[SourceVersion "1"]
[SourceVersionDate "2019.10.17"]
[SourceQuality "1"]

1. d4 d5 2. c4 e6 3. Nc3 Nf6 4. Bf4 Bd6 5. Bd2 0-0 6. c5 Be7 7. Bf4 Bd7 8. Nf3 Nc6 9. Qc2 b6 10. cxb6 axb6 11. a3 h6 12. e3 Bd6 13. Bg3 Bxg3 14. hxg3 Ne7 15. Ne5 c5 16. g4 Ng6 17. g5 Nh7 18. gxh6 Bc8 19. Bd3 Qf6 20. hxg7 Qxg7 21. Nxg6 fxg6 22. Bxg6 Nf6 23. 0-0-0 Ba6 24. Rh4 cxd4 25. exd4 Rfc8 26. f3 Bb5 27. Rdh1 Kf8 28. Rh8+ Ke7 29. R1h7 Nxh7 30. Rxh7 Qxh7 31. Bxh7 Rh8 32. Bd3 Rh1+ 33. Kd2 Bd7 34. Ke2 Rh2 35. Kf2 Rg8 36. Bf1 Rh4 37. g3 Rh2+ 38. Bg2 Rhh8 39. Qb3 b5 40. Qb4+ Kf6 41. Qd6 Rd8 42. Qe5+ Ke7 43. Nxd5+ Kf7 44. Qf4+ Kg7 45. Qg5+ Kf7 46. Nf6 Bc6 47. Nh7 Rhg8 48. Qh5+ Kg7 49. Qc5 Be8 50. Qe7+ Bf7 51. Ng5 Rde8 52. Qxf7+ Kh6 53. Nxe6 Ref8 54. Nxf8 Rxf8 55. Qxf8+ Kg6 56. Bh3 Kg5 57. f4+ Kh5 58. Qf6 b4 59. Qg5# 1-0